[Event "Cavarzere op 15th"]
[Site "Cavarzere"]
[Date "2012.10.20"]
[Round "1"]
[White "Ravagnani, Tiziano"]
[Black "Desideri, Pietro"]
[Result "1-0"]
[WhiteElo "1994"]
[BlackElo "1688"]
[PlyCount "51"]
[EventDate "2012.10.20"]
[EventType "swiss"]
[EventRounds "6"]
[EventCountry "ITA"]
[SourceTitle "EXT 2015"]
[Source "ChessBase"]
[SourceDate "2014.11.20"]
[SourceVersion "1"]
[SourceVersionDate "2014.11.20"]
[SourceQuality "1"]

1. e4 c5 2. Nf3 d6 3. d4 cxd4 4. Nxd4 Nf6 5. Nc3 g6 6. Be3 a6 7. Be2 Nbd7 8. f4 e5 9. Nb3 exf4 10. Bxf4 Qc7 11. 0-0 b5 12. Qd4 Ne5 13. Rad1 Bb7 14. Bxb5+ axb5 15. Nxb5 Qc6 16. Bxe5 dxe5 17. Qxe5+ Be7 18. Nd6+ Kf8 19. Rxf6 Bxd6 20. Rfxd6 Qc7 21. Qxh8+ Ke7 22. Qe5+ Kf8 23. Nc5 Re8 24. Qh8+ Ke7 25. Rd7+ Qxd7 26. Rxd7# 1-0